000 00490nam a2200181Ia 4500
003 OSt
005 20260128154904.0
008 210210b1931 xxu||||| |||| 00| 0 eng d
040 _cAL
041 _aKannada
082 _a853/462
100 _aSHIVAJI RAV
_9161956
_dಶಿವಾಜಿ ರಾವ್
245 _aTrishanku svarga:
_bತ್ರಿಶಂಕು ಸ್ವರ್ಗ
260 _aBengaluru
_b-
_c1931
690 _aKannada Drama
_9161957
906 _a019736
942 _2ddc
_cBK
999 _c143877
_d143877